Дорожная дума: стихотворения

Bibliografske podrobnosti
Glavni avtor: Вяземский П. А. Петр Андреевич
Jezik:ruščina
Izdano: Москва, Детская литература, 1981
Teme:
Format: Knjiga
KOHA link:https://koha.lib.tpu.ru/cgi-bin/koha/opac-detail.pl?biblionumber=102958

MARC

LEADER 00000nam0a2200000 4500
001 102958
005 20231101214446.0
035 |a (RuTPU)RU\TPU\book\111005 
090 |a 102958 
100 |a 20061010d1981 d y0rusy50 ca 
101 0 |a rus 
102 |a RU 
105 |a a z 001gy 
200 1 |a Дорожная дума  |e стихотворения  |f П. А. Вяземский 
210 |a Москва  |c Детская литература  |d 1981 
215 |a 160 с.  |c ил. 
320 |a Словарь: с. 149-156. 
610 1 |a русская литература 
610 1 |a поэзия 
675 |a Р1  |v 3 
700 1 |a Вяземский  |b П. А.  |c русский поэт  |c литературный критик  |c князь  |c государственный деятель  |c академик Петербургской АН  |f 1792-1878  |g Петр Андреевич  |2 stltpush  |3 (RuTPU)RU\TPU\pers\1041  |9 464 
801 1 |a RU  |b 63413507  |c 20061010  |g PSBO 
801 2 |a RU  |b 63413507  |c 20170426  |g RCR 
942 |c BK